000 02067nam a22003617a 4500
001 100221
003 KnowledgeUnlatched
005 20210303105400.0
006 m o d
007 cr u||||||||||
008 210129p20122017gw o u00| u eng d
035 _a(OCoLC)812528571
037 _5BiblioBoard
245 0 0 _aEmotional Minds
_bThe Passions and the Limits of Pure Inquiry in Early Modern Philosophy /
_cSabrina Ebbersmeyer.
020 _a9783110260922
029 1 _ahttps://library.biblioboard.com/ext/api/media/23824307-b4c1-4f60-b848-913cd27cbf56/assets/thumbnail.jpg
040 _aScCtBLL
_cScCtBLL
506 0 _aAccess copy available to the general public.
_fUnrestricted
_2star
700 1 _aEbbersmeyer, Sabrina
_eeditor.
264 1 _bDe Gruyter,
300 _a1 online resource (330 p.)
520 _aThe thoroughly contemporary question of the relationship between emotion and reason was debated with such complexity by the philosophers of the 17th century that their concepts remain a source of inspiration for today`s research about the emotionality of the mind. The analyses of the works of Descartes, Spinoza, Leibniz, and many other thinkers collected in this volume offer new insights into the diversity and significance of philosophical reflections about emotions during the early modern era. A focus is placed on affective components in learning processes and the boundaries between emotions and reason.
588 0 _aDescription based on print version record.
590 _aKU Select 2016 Backlist Collection
650 7 _aPhilosophy
_2bisacsh
650 0 _aPhilosophy
655 0 _aElectronic books.
758 _iIs found in:
_aKnowledge Unlatched
_1https://openresearchlibrary.org/module/2774bc74-146a-484f-a7ba-ab1d6a09bbfb
856 4 0 _uhttps://openresearchlibrary.org/content/23824307-b4c1-4f60-b848-913cd27cbf56
_zView this content on Open Research Library.
_70
999 _c34267
_d34267